| 000 | 01047nam a2200277 i 4500 | ||
|---|---|---|---|
| 001 | bg | ||
| 100 | 1 | _aKOSIOREK, Mirosław. | |
| 245 | 1 | 0 |
_aPrzyporządkowanie określeniom występującym w przepisach techniczno-budowalnych klas reakcji na ogień według PN-EN : _b[instrukcja] / _c[aut. Mirosław Kosiorek, Andrzej Kolbrecki] ; Instytut Techniki Budowkanej. |
| 260 |
_aWarszawa : _bITB, _c2003. |
||
| 300 |
_a25, [2] s. ; _c24 cm. |
||
| 490 | 1 |
_aInstrukcje, Wytyczne, Poradniki / Instytut Techniki Budowlanej ; _v401/2004 |
|
| 504 | _aBibliogr. | ||
| 650 | 9 |
_aMateriały budowlane _xbezpieczeństwo _xnormalizacja |
|
| 650 | 9 | _aPalność | |
| 650 | 9 |
_aPożarnictwo _xzagadnienia |
|
| 700 | 1 | _aKOLBRECKI, Andrzej. | |
| 710 | 2 | _aInstytut Techniki Budowkanej | |
| 830 | 0 |
_aInstrukcje, Wytyczne, Poradniki - Instytut Techniki Budowlanej ; _v401/2004 |
|
| 020 | _a8374133368 | ||
| 040 | _cBPK | ||
| 041 | 0 | _apol | |
| 080 | _a691(438+4-67)(083.1) | ||
| 920 | _a83-7413-336-8 | ||
| 942 | _cKS | ||
| 008 | s pl f |000 0 pol | ||
| 999 |
_c45044 _d45044 |
||
| 856 |
_uhttp://koha.tu.koszalin.pl/cgi-bin/koha/opac-detail.pl?biblionumber=45044 _yKatalog online BPK |
||